LEADER 01301nam a2200241 i 4500 001 000000017570 003 CaOOAMICUS 005 20211129161853.0 008 180830s1966 it u000 u ita u 040 $aSeMil$bita 100 1 $aMontale, Eugenio,$d<1896-1981>.$0(OLS)http://semarc/name/7222 245 10$aPoesie /$cEugenio Montale. 260 $aMilano :$bArnoldo Mondadori Editore,$c1966. 300 $av. ;$c20 cm. 650 4$aMontale, Eugenio <1896-1981> - Opere.$0(OLS)http://semarc/subject/32620 774 0 $aMontale, Eugenio <1896-1981>$tOssi di seppia.$dMilano : Arnoldo Mondadori, 1966.$kSpecchio. I poeti del nostro tempo$kSpecchio$g1$w()64047 774 0 $aMontale, Eugenio <1896-1981>$tOccasioni, 1928-1939.$dMilano : Arnoldo Mondadori, 1966.$b9. Ed.$kSpecchio$kSpecchio. I poeti del nostro tempo$g2$w()73906 774 0 $aMontale, Eugenio <1896-1981>$tBufera e altro.$dMilano : Arnoldo Mondadori, 1966.$b5. ed.$kSpecchio. I poeti del nostro tempo$g3$w()73908 830 3$aLo specchio.$0(OLS)http://semarc/title/7841 830 3$aLo specchio. I poeti del nostro tempo.$0(OLS)http://semarc/title/437868 996 $6245$aPoesie$9(OLS)http://semarc/title/2285 996 $6260$aMilano :$bArnoldo Mondadori Editore$9(OLS)http://semarc/publisher/30056 LEADER 00766nam a2200193 i 4500 001 000000018807 003 CaOOAMICUS 005 20180830125444.0 008 180830s1905 it u000 u ita u 040 $aSeMil$bita 100 1 $aManzoni, Alessandro,$d<1785-1873>.$0(OLS)http://semarc/name/1162 245 10$aBrani inediti dei Promessi Sposi /$cdi Alessandro Manzoni ; per cura di Giovanni Sforza. 250 $a2. edizione accresciuta. 300 $a2 v. (CCXLIV), 722 p.). 700 1 $aSforza, Giovanni,$d<1846-1922>.$0(OLS)http://semarc/name/8431 773 0 $tOpere di Alessandro Manzoni.$dMilano : U. Hoepli, [190?]$w()18806 774 0 $tParte 1.$w()167029 774 0 $tParte 2.$w()167030 996 $6245$aBrani inediti dei Promessi Sposi$9(OLS)http://semarc/title/24747 LEADER 00949nam a2200217 i 4500 001 000000201857 003 CaOOAMICUS 005 20110509000000.0 008 110509n fr u000 u fre u 013 $a180563 040 $aSeMil$bita 100 1 $aDroulers, Paul,$c.$0(OLS)http://semarc/name/1286 245 10$aQuestion sociale, Etat, Eglise dans la «Civiltà Cattolica» à ses débuts /$cPaul Droulers. 260 $aPadova :$bAntenore,$c[196?] 300 $aP. [123]-147 ;$c23 cm. 500 $aTitolo da copertina. - Estratto da "Chiesa e Stato nell'Ottocento", Padova 1962, (Italia Sacra, 3-4). 850 $aSeMil 852 $aSeMil$W1$xVenegono$y1$m5D VIII 19/31$j152383$B152383$CSeMilBibl$Z2$F163501 $81 961 $aOmaggio: Altro 996 $6245$aQuestion sociale, Etat, Eglise dans la «Civiltà Cattolica» à ses débuts$9(OLS)http://semarc/title/292167 996 $6260$aPadova :$bAntenore$9(OLS)http://semarc/publisher/30160